सरहदी गाँधी बादशाह खान / (Record no. 117686)

MARC details
000 -LEADER
fixed length control field 01294nam a22002777a 4500
003 - CONTROL NUMBER IDENTIFIER
control field dpl
005 - DATE AND TIME OF LATEST TRANSACTION
control field 20170204143643.0
008 - FIXED-LENGTH DATA ELEMENTS--GENERAL INFORMATION
fixed length control field 170204b xxu||||| |||| 00| 0 eng d
010 ## - LIBRARY OF CONGRESS CONTROL NUMBER
LC control number B-003706,B-003708
020 ## - INTERNATIONAL STANDARD BOOK NUMBER
Terms of availability 250.00
035 ## - SYSTEM CONTROL NUMBER
System control number B-003706,B-003708
037 ## - SOURCE OF ACQUISITION
Source of stock number/acquisition Cen Lib/Ret
040 ## - CATALOGING SOURCE
Original cataloging agency DPL
Language of cataloging HN
Transcribing agency DPL
082 ## - DEWEY DECIMAL CLASSIFICATION NUMBER
Classification number 921
Item number सरह
245 ## - TITLE STATEMENT
Title सरहदी गाँधी बादशाह खान /
Statement of responsibility, etc अनुवादक अब्दुला हुसेन [और] एम.असलम
246 ## - VARYING FORM OF TITLE
Title proper/short title Sarhadi Gandhi Badshah Khan /
Remainder of title anuvadak Abdullah Husain [aur] M.Aslam
260 ## - PUBLICATION, DISTRIBUTION, ETC. (IMPRINT)
Place of publication, distribution, etc दिल्ली
Name of publisher, distributor, etc जनचेतना प्रकाशन
Date of publication, distribution, etc 2000
270 ## - ADDRESS
City दिल्ली
Address 64 ए फेज-3, पॉकेट डी, एल.आई.जी.फ्लैट्स, दीप एन्क्लेव, अशोक विहार
Postal code 110052
300 ## - PHYSICAL DESCRIPTION
Extent 232पृ.
Dimensions 21सेमी(सजिल्द)
650 ## - SUBJECT ADDED ENTRY--TOPICAL TERM
Topical term or geographic name as entry element हिन्दी साहित्य
9 (RLIN) 76288
650 ## - SUBJECT ADDED ENTRY--TOPICAL TERM
Topical term or geographic name as entry element हिन्दी -- गाँधी बादशाह खान
9 (RLIN) 76289
650 ## - SUBJECT ADDED ENTRY--TOPICAL TERM
Topical term or geographic name as entry element Hindi literature
9 (RLIN) 76290
650 ## - SUBJECT ADDED ENTRY--TOPICAL TERM
Topical term or geographic name as entry element Hindi - Gandhi: Badshah Khan
9 (RLIN) 76291
700 ## - ADDED ENTRY--PERSONAL NAME
Personal name असलम, एम.
9 (RLIN) 14217
942 ## - ADDED ENTRY ELEMENTS (KOHA)
Source of classification or shelving scheme Dewey Decimal Classification
Koha item type Hindi Books
Classification part 921
Call number suffix सरह
Holdings
Withdrawn status Lost status Damaged status Not for loan Home library Current library Date acquired Source of acquisition Cost, normal purchase price Total Checkouts Total Renewals Full call number Barcode Date last seen Date checked out Copy number Cost, replacement price Price effective from Koha item type Source of classification or shelving scheme Collection code Shelving location
        Central Library Central Library 07/09/2015 Cen Lib/Ret 250.00 4 1 921 सरह B-003706 10/10/2023 04/10/2023 1 250.00 07/09/2015 Hindi Books      
      Ordered Sarojini Nagar Sarojini Nagar 03/02/2017 DPL 250.00     921 अब्दुल B-003708 03/02/2017   1 250.00 03/02/2017 Hindi Books Dewey Decimal Classification Non-fiction On Display

© Delhi Public Library
Hit Counter
free hit counter